Statistics for Every Kim Carnes song that hit the Billboard hot 100

Click here to take the quiz!

General Stats

  • This quiz has been taken 6 times
  • The average score is 6 of 19

Answer Stats

Peak Chart PositionYearSong% Correct
11981Bette Davis Eyes
100%
101980More Love
67%
671985Abadabadango
67%
291982Voyeur
50%
41980Don't Fall In Love With A Dreamer
50%
791986Divided Hearts
33%
151985Crazy In The Night (Barking At Airplanes)
33%
281980Draw Of The Cards
17%
361983Does It Make You Remember
17%
361978You're A Part Of Me
17%
441980Cry Like A Baby
17%
511985Make No Mistake, He's Mine
17%
541984You Make My Heart Beat Faster
17%
561979It Hurts So Bad
17%
601981Mistaken Identity
17%
151984What About Me?
17%
681985Invitation To Dance
17%
741984I Pretend
17%
401983Invisible Hands
17%

Score Distribution

Percentile by Number Answered

Percent of People with Each Score

Your Score History

You have not taken this quiz